| 000 | 00607nam a2200217Ia 4500 | ||
|---|---|---|---|
| 008 | 170203s9999 xx 000 0 und d | ||
| 020 | _a0-689863438 | ||
| 050 | _aFic | ||
| 050 | _b.K26b 2004 | ||
| 100 | _aKeene, Carolyn | ||
| 245 | 4 | _aThe bike race mystery / | |
| 245 | _c Carolyn Keene ; illustrated by Paul Casale. | ||
| 260 | _aNew York : | ||
| 260 | _bAladdin Paperbacks, | ||
| 260 | _c2004 | ||
| 300 | _a76 pages; | ||
| 440 | _aThe Nancy Drew Notebooks | ||
| 650 | _a Drew, Nancy (Fictitious character) -- | ||
| 650 | _aMystery and detective stories. | ||
| 650 | _xJuvenile fiction. | ||
| 999 |
_c306208 _d306208 |
||